000 00672nam a2200205 a 4500
005 20140311163031.0
008 100224s19uu xx 00 eng d
020 _a978412922166
050 _aP 96.M4
_b.B93 2007
100 _aBurn, Andrew
245 _aMedia literacy in schools :
_bpractice, production and progression /
_cAndrew Burn, James Durran.
260 _aLondon :
_bPaul Chapman Publishing,
_c2007.
300 _a187 p. :
_bill. ;
_c24 cm.
521 _aEDU
650 _aMedia literacy
_xeducation.
650 _aLiteracy
_xeducation. 3. Media literacy
_xcurriculum planning
_xdesign.
700 _aDurran, James
942 _cBK
_2lcc
_kFOR
999 _c39633
_d39633